Idiotismes en français - 7 - - Statistiques

Statistiques générales
  • Ce quiz a été pris 505 fois
  • Le résultat moyen est 12 sur 15
Statistiques - réponses
Hint Réponse % Correct
Avoir un ***** au beurre noir Oeil
98%
Mettre les compteurs à ***** Zéro
98%
Faire la fine ***** Bouche
96%
Les deux font la ***** Paire
96%
Les ***** m'en tombent Bras
95%
Avoir la ***** Banane
93%
Repartir comme en ***** Quarante
92%
Les gueules ***** Noires
91%
Avoir quelqu'un dans la ***** Peau
89%
Un vieillard encore ***** Vert
86%
Une ***** espagnole Auberge
81%
Effeuiller la ***** Marguerite
47%
Vendre sa ***** Salade
47%
Un dépendeur d'***** Andouilles
45%
Avoir une face d'***** Assiette
33%
Aucun quiz correspondant
Distribution des résultats
% des personnes avec chaque résultat
Percentile par nombre de réponses
Votre historique - résultats
Vous n’avez pas pris ce quiz